<?xml version="1.0" encoding="UTF-8"?>
<record
    xmlns:xsi="http://www.w3.org/2001/XMLSchema-instance"
    xsi:schemaLocation="http://www.loc.gov/MARC21/slim http://www.loc.gov/standards/marcxml/schema/MARC21slim.xsd"
    xmlns="http://www.loc.gov/MARC21/slim">

  <leader>01126nam a2200253 a 4500</leader>
  <controlfield tag="008">140403s2014    spca     c    000 0 cat|d</controlfield>
  <datafield tag="017" ind1=" " ind2=" ">
    <subfield code="a">120-2014</subfield>
    <subfield code="b">Oficina Dip&#xF2;sit Legal Girona</subfield>
  </datafield>
  <datafield tag="040" ind1=" " ind2=" ">
    <subfield code="a">ES-BaSLP</subfield>
    <subfield code="b">cat</subfield>
    <subfield code="c">ES-BaSLP</subfield>
  </datafield>
  <datafield tag="043" ind1=" " ind2=" ">
    <subfield code="a">e-sp---</subfield>
    <subfield code="b">e-spcg-</subfield>
    <subfield code="2">catmarc</subfield>
  </datafield>
  <datafield tag="080" ind1=" " ind2=" ">
    <subfield code="a">070(467.13)"1976/2014"</subfield>
  </datafield>
  <datafield tag="080" ind1=" " ind2=" ">
    <subfield code="a">77(467.13)"1976/2014"</subfield>
  </datafield>
  <datafield tag="245" ind1="1" ind2="0">
    <subfield code="a">1976-2014 :</subfield>
    <subfield code="b">la cr&#xF2;nica dels canvis : el periodisme a les comarques gironines : [cat&#xE0;leg de l'exposici&#xF3;] : Casa de Cultura de Girona del 21 de mar&#xE7; al 12 d'abril de 2014 /</subfield>
    <subfield code="c">[direcci&#xF3;: Enric Pujol]</subfield>
  </datafield>
  <datafield tag="246" ind1="3" ind2="3">
    <subfield code="a">Mil nou-cents setanta-sis-dos mil catorze</subfield>
  </datafield>
  <datafield tag="260" ind1=" " ind2=" ">
    <subfield code="a">Girona :</subfield>
    <subfield code="b">Col&#xB7;legi de Periodistes de Catalunya. Demarcaci&#xF3; de Girona,</subfield>
    <subfield code="c">2014</subfield>
  </datafield>
  <datafield tag="300" ind1=" " ind2=" ">
    <subfield code="a">197 p. :</subfield>
    <subfield code="b">il. col. ;</subfield>
    <subfield code="c">24 cm</subfield>
  </datafield>
  <datafield tag="650" ind1=" " ind2="4">
    <subfield code="a">Mitjans de comunicaci&#xF3; de massa</subfield>
    <subfield code="z">Girona (Prov&#xED;ncia)</subfield>
    <subfield code="x">Exposicions</subfield>
  </datafield>
  <datafield tag="650" ind1=" " ind2="4">
    <subfield code="a">Fotografia period&#xED;stica</subfield>
    <subfield code="z">Girona (Prov&#xED;ncia)</subfield>
    <subfield code="x">Exposicions</subfield>
  </datafield>
  <datafield tag="700" ind1="1" ind2=" ">
    <subfield code="a">Pujol, Enric</subfield>
    <subfield code="e">dir.</subfield>
  </datafield>
  <datafield tag="710" ind1="2" ind2=" ">
    <subfield code="a">Col&#xB7;legi de Periodistes de Catalunya.</subfield>
    <subfield code="b">Demarcaci&#xF3; de Girona</subfield>
  </datafield>
  <datafield tag="710" ind1="2" ind2=" ">
    <subfield code="a">Fundaci&#xF3; Casa de Cultura de Girona</subfield>
  </datafield>
  <datafield tag="909" ind1=" " ind2=" ">
    <subfield code="a">gaanvt</subfield>
  </datafield>
  <datafield tag="909" ind1=" " ind2=" ">
    <subfield code="a">ybrcr</subfield>
  </datafield>
  <datafield tag="909" ind1=" " ind2=" ">
    <subfield code="a">ggagbt</subfield>
  </datafield>
  <datafield tag="999" ind1=" " ind2=" ">
    <subfield code="c">6864</subfield>
    <subfield code="d">6864</subfield>
  </datafield>
  <datafield tag="952" ind1=" " ind2=" ">
    <subfield code="0">0</subfield>
    <subfield code="1">0</subfield>
    <subfield code="4">0</subfield>
    <subfield code="7">1</subfield>
    <subfield code="a">EBRE</subfield>
    <subfield code="b">EBRE</subfield>
    <subfield code="d">2015-05-21</subfield>
    <subfield code="e">Donaci&#xF3;</subfield>
    <subfield code="l">0</subfield>
    <subfield code="o">07 MIL     </subfield>
    <subfield code="r">2015-05-27</subfield>
    <subfield code="w">2015-05-27</subfield>
    <subfield code="y">MON</subfield>
    <subfield code="z">Donaci&#xF3; a la biblioteca Marcel&#xB7;l&#xED; Domingo</subfield>
  </datafield>
</record>
